Films Featuring Mental Disorders - Statistics

General Stats
  • This quiz has been taken 314 times
    16 since last reset
  • The average score is 12 of 21
Answer Stats
Year Disorder Actor Movie % Correct
1988 Autism spectrum disorder Dustin Hoffman Rain Man
88%
2001 Schizophrenia Russell Crowe A Beautiful Mind
81%
1975 Antisocial personality disorder Jack Nicholson One Flew Over the Cuckoo's Nest
81%
1960 Dissociative identity disorder Anthony Perkins Psycho
81%
2019 Antisocial/narcissistic personality disorder? Joaquin Phoenix Joker
69%
1987 Narcissistic personality disorder Michael Douglas Wall Street
69%
1997 Obsessive-compulsive disorder Jack Nicholson As Good as It Gets
63%
2003 Antisocial personality disorder Charlize Theron Monster
63%
1976 Schizotypal personality disorder Robert De Niro Taxi Driver
63%
1993 Antisocial personality disorder Michael Douglas Falling Down
56%
1987 Borderline personality disorder Glenn Close Fatal Attraction
50%
2000 Anterograde amnesia Guy Pearce Memento
50%
2016 Dissociative identity disorder James McAvoy Split
50%
2004 Obsessive-compulsive disorder, agoraphobia Leonardo DiCaprio The Aviator
50%
2007 Schizophrenia Jake Gyllenhaal Donnie Darko
44%
2012 Bipolar disorder Bradley Cooper Silver Linings Playbook
44%
1992 Borderline personality disorder Sharon Stone Basic Instinct
38%
1999 Borderline personality disorder Winona Ryder Girl, Interrupted
38%
1991 Dependent personality disorder, agoraphobia Bill Murray What About Bob?
38%
2014 Alzheimer’s disease Julianne Moore Still Alice
25%
1999 Antisocial personality disorder Matt Damon The Talented Mr. Ripley
25%
No matching quizzes found
Score Distribution
Percent of People with Each Score
Percentile by Number Answered
Your Score History
You have not taken this quiz since the last reset